Quizzes
Events
Quiz Creation
Community
Videos
Private Events
Remove Ads
Sign In
Join for FREE
Feedback
Dark Mode
Quiz Categories
Sports
Geography
Music
Movies
Television
Just For Fun
Miscellaneous
History
Literature
Language
Science
Gaming
Entertainment
Religion
Holiday
For Kids
Quiz Lab
Recent
Popular Today
Quiz Kudos Today
Editor Picks
Curator Picks
Quizzes by...
Day
Popularity
Type
Ratings
Length
Year
Community
Subscriptions
Recent Discussions
Orange Saloon
Badges
Playlists
Quests
Create
Leaderboards
Showdown
Live 5
Trivia Bingo
Activity
Puzzle Library
Sporcle Events
Private Events
Virtual Trivia
Globe League
Become a Host
Pub Owners
SporcleCon
Opinionation
Our Games
Videos
Blog
Mobile Apps
Partnerships
Remove Ads and Go Orange
Feedback
Language
Vocabulary
Begins and Ends
Definition
Spanish
French
German
Italian
Chinese
Latin
Translation
Japanese
Language
Vocabulary
Begins and Ends
Definition
Spanish
French
German
Italian
Chinese
Latin
Translation
Japanese
Random Quiz
Search Sporcle
×
Curator Pick
Curator Pick
Language
Translation
Type in answers that appear in a list
Type in answers that appear in a list
Classic
Best Score? Go Orange.
Esperanto nouns by source language Stats
Can you name the meanings of these Esperanto nouns knowing the language(s) from which they were taken?
By
dancastro
5m
30 Questions
846 Plays
846 Plays
846 Plays
Comments
Comments
Give Quiz Kudos
Give Quiz Kudos
-
- Ratings
hide this ad
Replay
Link that replays current quiz
Next Quiz
Link to next quiz in quiz playlist
You Got
0%
They Got
Avg Score
72%
Avg Friend Score
Upgrade to see
Score Distribution
Jump to the score distribution portion of the page
Score
0/30
Timer
05:00
0
Plays Today
Esperanto noun
Meaning
% Correct
amiko
friend (Lat. amicus, It. amico)
94.1%
arbo
tree (Lat. arbor, Sp. árbol)
92.5%
diablo
devil (Fr. diable, Sp. diablo)
91.4%
Dio
God (It. Dio)
90.6%
hundo
dog (Ger. Hund)
90.3%
biero
beer (Ger. Bier, Dutch bier, Fr. bière)
89.5%
frato
brother (Lat. frater)
88.5%
dento
tooth (Fr. dent, It. dente)
88.4%
mano
hand (Lat. manus, It., Sp. mano)
85.5%
domo
house (Lat. domus, Russ. dom)
85.2%
urso
bear (Lat. ursus, Fr. ours)
84.6%
pomo
apple (Fr. pomme)
82.9%
lupo
wolf (Lat. lupus, Fr. loup, It. lupo)
81.2%
urbo
city, town (Lat. urbs)
78.9%
tago
day (Ger. Tag)
76.4%
Esperanto noun
Meaning
% Correct
viro
man [male human being] (Lat. vir)
75.6%
vento
wind (Lat. ventus, Fr. vent, It. vento)
73.1%
okulo
eye (Lat. oculus)
71.7%
printempo
spring [season] (Fr. printemps)
69.1%
jaro
year (Ger. Jahr, Dutch jaar)
64.3%
mielo
honey (Fr., Sp. miel)
57.3%
ponto
bridge (Fr. pont, It. ponte)
55.8%
insulo
island (Lat. insula)
55.2%
kino
cinema, movies (Ger., Russ. kino)
53.9%
vorto
word (Ger. Wort)
53%
strato
street (Dutch straat)
52.8%
bildo
image, picture (Ger. Bild)
47.9%
lito
bed (Fr. lit)
47.5%
menso
mind (Lat. mens)
46.2%
vetero
weather (Ger. Wetter)
44.4%
Quiz Playlist
Details
Report
Send in Message
Add To Playlist
Classic:
Type in answers that appear in a list
Quiz Source
Last Updated: Apr 20, 2017
Curator Pick in
Translation
Quiz Scoreboard
CHALLENGE
Sign Up to Join the Scoreboard
Show All
Scores
Hide
Comments
May contain spoilers
Recently Published
Billboard Blitz: Fleetwood Mac
by CooCooCachoo
Music
15s
Presidents Visiting Landmarks
by Hejman
History
7m
An Introduction to Baseball
by treessimontrees
Sports
5m
More to Explore
Quiz From the Vault
Featured Blog Post
Where Did the Easter Bunny Come From?
hide this ad
You Might Also Like...
Tags
Translation Quiz
Esperanto
noun
source
taken
Today's Top Quizzes in Language
Browse Language
hide this ad
Today's Top Quizzes in Translation
Browse Translation
Top Contributed Quizzes in Language
1
1-10 Letter F Words III
2
1-10 Letter G Words III
3
Order Up: Top 10 Most Native Spoken Languages
4
1-10 Letter H Words III
5
Alphabetize! : 'As' words
6
One Thing in Common: Italy
7
1-10 Letter I Words III
8
Weisst du, aus welchen Sprachen diese Wörter stammen?
9
1-10 Letter J Words III
10
Celtic Nations in their Language
Explore More
Trending Topics
Anime
Harry Potter
Kpop
Marvel
Disney
Crossword
NBA
NFL
WWE
Soccer
The Office
Puzzle
Song
Country
Pokémon
hide this ad
More By:
dancastro
Quiz
Plays
Rating
Category
Featured
Created
Longest Countries
193,266
4.66
Geography
Sep 16, 2010
Slimmest Countries
148,287
4.36
Geography
Oct 10, 2010
Eccentric State Capitals
107,250
4.39
Geography
Jan 9, 2011
Nearest Countries With The Same Initial
100,206
4.78
Geography
Nov 3, 2010
Longest Countries II (All-Inclusive)
72,575
4.71
Geography
Oct 3, 2010
Go to Creator's Profile
Score Distribution
Quiz Creator Spotlight
dancastro
Follow
Send a Message
Quizzes Created
-
Created Quiz Play Count
-
More By This Creator
Popular Quizzes Today
1
Find the US States - No Outlines Minefield
2
Find the Countries of Europe - No Outlines Minefield
3
The Countries of the World
4
Find the US States
5
US States
6
Risky Map Clicking: Biggest States A-Z
7
Popular People in 1961
8
Movies - When Are They Set?
More Language Quizzes
Bisecting Block Blitz: Language
Editor's Pick
Trending Quizzes
Risky Map Clicking: Least Populous States A-Z
1-10 Letter G Words
1-10 Letter F Words
Risky Map Clicking: Next State Alphabetically
Risky Map Clicking: Biggest States A-Z
Recently Updated
Leaping Animals
pecheneg
Reality TV Shows (A-Z)
bhenderson79
Rickey Henderson's Hall of Fame Teammates
pecheneg
Champions League XIs: Arsenal
pecheneg
Quick Pick: Celebrities in WWE's Hall of Fame
aduchscher
A-Z Keypad Blitz II
pecheneg
Multiple Oscar Actors
pecheneg
Mystery Phrase Blitz: Oscar 'Best Actors'
pecheneg
F. Scott Fitzgerald Novels
LTH
Pick 3 Villains
ddd62291
Trending Topics
Anime
Harry Potter
Disney
Marvel
Kpop
NBA
Crossword
Country
Song
Pokémon
The Office
Puzzle
WWE
Soccer
NFL
Your Account Isn't Verified!
In order to create a playlist on Sporcle, you need to verify the email address you used during registration. Go to your
Sporcle Settings
to finish the process.
Report this User
Report this user for behavior that violates our
Community Guidelines
.
Details:
Send Report
Go to the Sporcle.com Mobile Site →
Comments